000 00838nam a2200277Ia 4500
003 OSt
005 20220928121948.0
006 a|||||r|||| 00| 0
007 ta
008 220927b |||||||| |||| 00| 0 eng d
020 _c1575
024 _a114230
037 _b197, 15/12/2011, Pioneer Book Distributors
_cTextual
040 _aSDCL
_cSDCL
_beng
041 _2eng
_aeng
082 _aX.1'P, Q0
100 _aGaur K D
_9455049
245 0 _aGlobalisation and economy.
260 _aNew Delhi
_bSunrise
_c2010
300 _axiii,634p
_ccm.
650 _aBusiness Economics
_9391653
700 _a Bargal Hitendra
_9455050
700 _a Prasad Rohini
_9455051
942 _hX.1'P, Q0
_cTEXL
_2CC
999 _c768736
_d768736